000 00452nam a2200205Ia 4500
003 OSt
005 20220923230856.0
006 a|||||r|||| 00| 0
007 ta
008 Pun
024 _a306,218
037 _cTextual
040 _aARTS
_cARTS
_bPun
041 _2Pun
_aPun
082 _aP153:7, 153J5
245 0 _aਪੰਜਾਬੀ ਬੋਧ
260 _c1955
942 _hP153:7, 153J5
_cTEXL
_2CC
999 _c388005
_d388005